| 000 | 00693nam a2200193Ia 4500 | ||
|---|---|---|---|
| 010 | _aBAC-CH25 | ||
| 020 |
_a9780753720882 _c350.00 |
||
| 035 | _aB-563836-862 | ||
| 035 | _aG-003417 | ||
| 037 |
_bdpl _aTechniz/vender |
||
| 037 |
_bdpl _aReceived from DB Act Children Books |
||
| 082 | _a032.32 | ||
| 245 | _aTell Me When? / | ||
| 260 |
_c2013 _aLondon _bChancellor Press (imprint of Octopus Publishing Group) |
||
| 270 |
_a189 Shaftesbury Avenue _bLondon _eWC2H 8JY |
||
| 300 |
_a207p.: _bcol.ill. _c22cm(pbk) |
||
| 942 |
_cCH _2ddc _mTEL _h032.32 |
||
| 999 |
_c86231 _d86231 |
||